[Event "Golden Rook op"]
[Site "Chotowa"]
[Date "2003.05.13"]
[Round "8"]
[White "Krawczyk, Wieslaw"]
[Black "Dec, Jacek"]
[Result "1-0"]
[WhiteElo "2125"]
[BlackElo "1600"]
[PlyCount "63"]
[EventDate "2003.05.??"]
[EventType "swiss"]
[EventRounds "9"]
[EventCountry "POL"]
[SourceTitle "EXT 2005"]
[Source "ChessBase"]
[SourceDate "2004.11.15"]
[SourceVersion "1"]
[SourceVersionDate "2004.11.15"]
[SourceQuality "1"]

1. e4 e6 2. d4 d5 3. e5 c5 4. c3 cxd4 5. cxd4 Bb4+ 6. Nc3 Bxc3+ 7. bxc3 Qc7 8. Bd2 Ne7 9. Bd3 0-0 10. Nf3 h6 11. Rc1 Nbc6 12. h4 f6 13. exf6 Rxf6 14. c4 dxc4 15. Rxc4 Qd6 16. 0-0 Nf5 17. Bc3 Rg6 18. h5 Rg4 19. Ne5 Rh4 20. g3 Rxd4 21. Bxd4 Nxe5 22. Bxe5 Qxe5 23. Re1 Qf6 24. g4 Ne7 25. Be4 Nd5 26. Bxd5 exd5 27. Qxd5+ Kf8 28. Qc5+ Kg8 29. Re8+ Kh7 30. Qxc8 Qa1+ 31. Kg2 Rxc8 32. Rcxc8 1-0

[Event "Golden Rook op"]
[Site "Chotowa"]
[Date "2003.05.07"]
[Round "2"]
[White "Ogonowska, Katarzyna"]
[Black "Dec, Jacek"]
[Result "1-0"]
[WhiteElo "1800"]
[BlackElo "1600"]
[PlyCount "99"]
[EventDate "2003.05.??"]
[EventType "swiss"]
[EventRounds "9"]
[EventCountry "POL"]
[SourceTitle "EXT 2005"]
[Source "ChessBase"]
[SourceDate "2004.11.15"]
[SourceVersion "1"]
[SourceVersionDate "2004.11.15"]
[SourceQuality "1"]

1. e4 e5 2. Nf3 Nf6 3. d4 exd4 4. e5 Nd5 5. Qxd4 Nb4 6. Bd3 N4c6 7. Qd5 Be7 8. 0-0 d6 9. exd6 cxd6 10. Nc3 Be6 11. Qb5 Qc7 12. Nd5 Qd7 13. Nxe7 Nxe7 14. Qxd7+ Nxd7 15. Re1 Nc6 16. Ng5 Nde5 17. Nxe6 fxe6 18. Bb5 Kd7 19. Bf4 Ng6 20. Bg3 a6 21. Ba4 b5 22. Bb3 Rhe8 23. Rad1 e5 24. c3 Rad8 25. Bf7 Rf8 26. Bxg6 hxg6 27. Bxe5 Nxe5 28. Rxe5 Rf5 29. Re3 a5 30. Rde1 Rdf8 31. f3 R8f7 32. h3 g5 33. Re4 Kc6 34. a4 bxa4 35. Rxa4 Rb7 36. Rb1 Rc5 37. Ra3 Rc4 38. Ra2 a4 39. Rd1 d5 40. Rd2 Kc5 41. Ra1 Kc6 42. Rc1 Rd7 43. Rd4 Kb5 44. Rcd1 Kc5 45. Kf2 Rxd4 46. Rxd4 Rb7 47. Rd2 Rd7 48. g3 Rd6 49. Ke3 Rh6 50. Rh2 1-0